[Event "CRO-chT U20 30th"]
[Site "Rabac"]
[Date "2021.04.09"]
[Round "7.1"]
[White "Alfirevic, Duje"]
[Black "Colev, Ivor"]
[Result "1-0"]
[WhiteElo "1996"]
[BlackElo "1847"]
[PlyCount "87"]
[EventDate "2021.04.06"]
[EventType "team-tourn"]
[EventRounds "11"]
[EventCountry "CRO"]
[SourceTitle "CBM 201 Extra"]
[Source "ChessBase"]
[SourceDate "2021.05.31"]
[SourceVersion "1"]
[SourceVersionDate "2021.05.31"]
[SourceQuality "1"]
[WhiteTeam "Sesvete Agroproteinka U20"]
[BlackTeam "Strigova Stridon U20"]
[WhiteTeamCountry "CRO"]
[BlackTeamCountry "CRO"]

1. e4 c5 2. Nf3 Nc6 3. d4 cxd4 4. Nxd4 e5 5. Nb5 d6 6. N1c3 a6 7. Na3 Be7 8. Be3 b5 9. Nd5 Rb8 10. Be2 Nf6 11. f3 0-0 12. 0-0 Be6 13. c3 Bxd5 14. exd5 Na5 15. b4 Nb7 16. Qd2 Qd7 17. Rfc1 Rfc8 18. c4 Nd8 19. cxb5 Rxc1+ 20. Rxc1 axb5 21. Nb1 Ne8 22. Nc3 Nc7 23. f4 f5 24. fxe5 dxe5 25. Bc5 Nf7 26. Rd1 Nd6 27. Qe3 Re8 28. Qxe5 Nf7 29. Qg3 Bf6 30. Bf1 f4 31. Qd3 Ne5 32. Qh3 Qxh3 33. gxh3 Nc4 34. Nxb5 Nxb5 35. Bxc4 Nc3 36. d6+ Kh8 37. d7 Rd8 38. Rd3 f3 39. Bb6 Ne2+ 40. Kf1 Nf4 41. Bxd8 Bxd8 42. Rxf3 Ng6 43. Re3 Ne7 44. b5 1-0

[Event "CRO-chT U20 30th"]
[Site "Rabac"]
[Date "2021.04.08"]
[Round "5.1"]
[White "Begic, Domagoj"]
[Black "Colev, Ivor"]
[Result "1-0"]
[WhiteElo "1706"]
[BlackElo "1847"]
[PlyCount "115"]
[EventDate "2021.04.06"]
[EventType "team-tourn"]
[EventRounds "11"]
[EventCountry "CRO"]
[SourceTitle "CBM 201 Extra"]
[Source "ChessBase"]
[SourceDate "2021.05.31"]
[SourceVersion "1"]
[SourceVersionDate "2021.05.31"]
[SourceQuality "1"]
[WhiteTeam "Dubrovnik U20"]
[BlackTeam "Strigova Stridon U20"]
[WhiteTeamCountry "CRO"]
[BlackTeamCountry "CRO"]

1. d4 f5 2. g3 Nf6 3. Bg2 g6 4. Nh3 Bg7 5. 0-0 0-0 6. b3 d6 7. Bb2 c6 8. Nd2 Qc7 9. c4 e5 10. e3 e4 11. Qc2 Be6 12. b4 h6 13. Nf4 Bf7 14. Rfc1 g5 15. Ne2 Qd7 16. a4 Na6 17. Bc3 Rac8 18. Qb2 Bh5 19. Re1 Nc7 20. b5 Ne6 21. Rab1 c5 22. Nc1 cxd4 23. Bxd4 Nxd4 24. Qxd4 Ng4 25. Qxa7 Bc3 26. Ncb3 Ne5 27. Rec1 Ra8 28. Qb6 Bb4 29. Bf1 Rxa4 30. c5 dxc5 31. Qxh6 Bg6 32. Nc4 Nf3+ 33. Kg2 Qe6 34. Nb2 Raa8 35. Bc4 Rf6 36. Bxe6+ Rxe6 37. Nxc5 Bxc5 38. Rxc5 Bf7 39. Qxe6 Bxe6 40. Nc4 Bxc4 41. Rxc4 Nd2 42. Rbc1 Nxc4 43. Rxc4 Rb8 44. Rc5 Rf8 45. h3 Rf7 46. g4 Kg7 47. Rd5 Kg6 48. Rxf5 Rxf5 49. gxf5+ Kxf5 50. Kg3 b6 51. h4 g4 52. h5 Kg5 53. h6 Kxh6 54. Kxg4 Kg6 55. Kf4 Kf6 56. Kxe4 Ke6 57. f4 Kd6 58. Kd4 1-0

[Event "CRO-chT U20 30th"]
[Site "Rabac"]
[Date "2021.04.08"]
[Round "6.1"]
[White "Colev, Ivor"]
[Black "Novosel, Marko"]
[Result "1/2-1/2"]
[WhiteElo "1847"]
[BlackElo "2130"]
[PlyCount "63"]
[EventDate "2021.04.06"]
[EventType "team-tourn"]
[EventRounds "11"]
[EventCountry "CRO"]
[SourceTitle "CBM 201 Extra"]
[Source "ChessBase"]
[SourceDate "2021.05.31"]
[SourceVersion "1"]
[SourceVersionDate "2021.05.31"]
[SourceQuality "1"]
[WhiteTeam "Strigova Stridon U20"]
[BlackTeam "Oroslavje U20"]
[WhiteTeamCountry "CRO"]
[BlackTeamCountry "CRO"]

1. e4 c6 2. d4 d5 3. e5 Bf5 4. Nf3 e6 5. Be2 h6 6. 0-0 g5 7. c4 g4 8. Ne1 h5 9. f4 dxc4 10. Bxc4 Nd7 11. Bd3 Ne7 12. Nc2 Nb6 13. Nc3 Nbd5 14. Nxd5 Qxd5 15. Be3 0-0-0 16. Nb4 Qa5 17. a3 Bxd3 18. Qxd3 Nf5 19. Rfd1 h4 20. Qe4 h3 21. g3 Nxe3 22. Qxe3 Bxb4 23. axb4 Qxb4 24. Rxa7 Qxb2 25. Qe4 Qc3 26. Rb1 Rxd4 27. Raxb7 Rd1+ 28. Rxd1 Kxb7 29. Qb1+ Kc7 30. Rd7+ Kxd7 31. Qb7+ Ke8 32. Qb8+ 1/2-1/2